[Event "RUS-ch Rapid Men 2018"]
[Site "Sochi"]
[Date "2018.10.06"]
[Round "10"]
[White "Kabanov, Nikolai"]
[Black "Alekseenko, Kirill"]
[Result "0-1"]
[WhiteElo "2481"]
[BlackElo "2639"]
[Annotator "TA"]
[PlyCount "106"]
[EventDate "2018.10.05"]
[EventType "swiss"]
[EventCountry "RUS"]
[SourceTitle "playchess.com"]
[Source "ChessBase"]
[SourceQuality "1"]

{[%evp 20,106,0,0,0,0,0,0,22,-22,-4,-46,-45,-25,-16,-56,0,-46,-52,-219,-226,-258,-240,-278,-283,-584,-480,-455,-239,-227,-224,-220,-176,-182,-168,-171,-179,-150,-147,-296,-295,-266,-271,-276,-259,-291,-276,-222,-200,-323,-295,-2274,-1264,-1149,-232,-1106,-134,-195,-192,-176,-192,-1245,-1245,-1073,-1019,-1181,-1115,-1857,-1841,-12850,-9768,-29953,-29956,-29937,-1931,-29938,-29964,-29962,-29939,-6324,-5431,-29976,-29976,-29977,-29978,-29985,-29986,-29986,-29987]} 1. e4 c5 2. Nf3 Nc6 3. Bb5 g6 4. Bxc6 dxc6 5. d3 Bg7 6. h3 b6 7. Nc3 Nh6 {B31: Sicilian: 2...Nc6 3 Bb5 g6} 8. Be3 f6 9. Qd2 (9. a4 a5 10. d4 cxd4 11. Qxd4 Qxd4 12. Nxd4 Bd7 13. O-O-O Nf7 14. f4 {0-1 (21) Wen,Y (2581)-Matlakov,M (2704) Qinhuangdao 2018}) 9... Nf7 10. Nh2 e5 11. f4 {LiveBook: 4 Games} exf4 12. Bxf4 O-O 13. Nf3 $146 ({Predecessor:} 13. O-O f5 14. exf5 Bxf5 {0-1 (28) Froewis,G (2208)-Potapov,P (2386) Sibenik 2007}) 13... f5 14. exf5 Qe7+ 15. Ne2 Bxf5 {White must now prevent ...Rae8.} 16. O-O-O Rad8 (16... Qf6 {with more complications.} 17. Nc3 Rad8 18. Rhf1 c4 19. g4 Be6) 17. Rde1 {[#]} Qf6 (17... c4 $1 $15 {[%mdl 512]} 18. d4 (18. dxc4 Rxd2) 18... c5) 18. Nc3 {[#]} c4 $1 $36 {[%cal Rc4d3][%mdl 2560] Black fights for an advantage.} 19. d4 $2 (19. g4 $15 Bc8 20. d4) (19. dxc4 Rxd2) 19... c5 $19 {[%cal Rc5d4]} 20. d5 {[#]} b5 $1 {[%cal Bb6b5,Bb5b4][%mdl 544] Strongly threatening ...b4.} 21. Ne5 (21. Nxb5 Qxb2+) 21... b4 $1 {[%cal Rb4c3]} (21... Nxe5 22. Bxe5 Qf7 23. Bxg7 $16) 22. Nb1 $2 (22. Nc6 bxc3 23. bxc3) 22... Rfe8 ({Weaker is} 22... Nxe5 23. Bxe5 Qf7 24. Bxg7 $15) 23. Nxc4 Re4 (23... Qa6 $142 24. b3 Qxa2) 24. Rxe4 Bxe4 25. d6 Bxg2 26. Qxg2 {Hoping for Rf1.} Qxf4+ 27. Nbd2 Nxd6 28. Qd5+ Qf7 29. Qxc5 (29. Qxf7+ $17 Kxf7 30. b3) 29... Nxc4 30. Qxc4 Bh6 $1 {( -> ...Qxc4)} 31. Qxf7+ Kxf7 {[%mdl 4096] Endgame KRB-KRN} 32. Rf1+ Ke6 33. Rf2 Bg5 34. Kd1 (34. c4 {was called for.}) 34... h5 35. a3 $2 (35. Re2+ Kf5 36. Ke1) 35... bxa3 36. bxa3 Ke5 $2 (36... Rxd2+ 37. Rxd2 Bxd2 38. Kxd2 g5) 37. Rg2 $2 (37. Re2+ Kf6 38. Ke1) 37... Kf4 $2 (37... Rxd2+ $19 {is more deadly.} 38. Rxd2 Bxd2 39. Kxd2 g5) 38. Ke1 (38. a4 $17) 38... Bh4+ 39. Kf1 {[#]} Re8 $1 {[%csl Gh4][%cal Re8e1]} 40. Re2 $2 (40. Kg1) 40... Rxe2 41. Kxe2 {KB-KN} Kg3 42. c4 Kxh3 43. c5 Bd8 44. c6 g5 {[%cal Bg6g5,Bg5g4,Bg4g3][%mdl 32]} 45. Ne4 g4 46. Ng5+ {[#]} Kh2 $1 47. Ne6 Bb6 48. Nf4 h4 {[%cal Bh5h4,Bh4h3][%mdl 32]} 49. Nd5 Ba5 50. Ne3 g3 {Black mates.} 51. Kf3 Bc7 52. Ng4+ Kg1 53. Ne3 h3 {Precision: White = 24%, Black = 69%.} 0-1

[Event "RUS-ch Rapid Men 2018"]
[Site "Sochi"]
[Date "2018.10.06"]
[Round "10"]
[White "Krylov, Mikhail"]
[Black "Iljiushenok, Ilia"]
[Result "1-0"]
[WhiteElo "2476"]
[BlackElo "2539"]
[Annotator "RC"]
[PlyCount "87"]
[EventDate "2018.10.05"]
[EventType "swiss"]
[EventCountry "RUS"]
[SourceTitle "playchess.com"]
[Source "ChessBase"]
[SourceQuality "1"]
[TimeControl "900+10"]

1. d4 {[%emt 0:00:00]} Nf6 {[%emt 0:00:00]} 2. c4 {[%emt 0:00:00]} g6 {[%emt 0:00:00]} 3. Nc3 {[%emt 0:00:00]} d5 {[%emt 0:00:03]} 4. cxd5 {[%emt 0:00:01]} Nxd5 {[%emt 0:00:02]} 5. e4 {[%emt 0:00:02]} Nxc3 {[%emt 0:00:01]} 6. bxc3 {[%emt 0:00:02]} Bg7 {[%emt 0:00:01]} 7. Nf3 {[%emt 0:00:06]} c5 {[%emt 0:00:06]} 8. Rb1 {[%emt 0:00:06]} O-O {[%emt 0:00:32]} 9. Be2 {[%emt 0:00:02]} b6 {[%emt 0:02:05]} 10. O-O {[%emt 0:00:14]} Bb7 {[%emt 0:00:01]} 11. Qd3 {[%emt 0:00:07]} Nd7 {[%emt 0:01:08]} 12. d5 {[%emt 0:01:32]} c4 {[%emt 0:00:18]} 13. Qxc4 {[%emt 0:03:20]} Nc5 {[%emt 0:00:15]} 14. Qb4 {[%emt 0:00:12]} e6 {[%emt 0:01:32]} 15. Be3 {[%emt 0:01:25]} Rc8 {[%emt 0:00:01]} 16. Rfd1 {[%emt 0:00:18]} Qe7 {[%emt 0:05:26]} 17. c4 {[%emt 0:00:43]} Rfe8 {[%emt 0:00:24]} 18. Nd2 {[%emt 0:04:11]} f5 {[%emt 0:00:15]} 19. exf5 {[%emt 0:00:50]} gxf5 {[%emt 0:00:13]} 20. Bf3 {[%emt 0:00:28]} Qf6 {[%emt 0:04:52]} 21. Nb3 {[%emt 0:00:21]} Bf8 {[%emt 0:00:38]} 22. Nxc5 {[%emt 0:00:52]} Bxc5 {[%emt 0:00:01]} 23. Bxc5 {[%emt 0:00:03]} Rxc5 {[%emt 0:00:01]} 24. Qa4 {[%emt 0:00:11]} Ra8 {[%emt 0:00:13]} 25. Qd7 {[%emt 0:00:09]} Rb8 {[%emt 0:00:12]} 26. Rb3 {[%emt 0:02:13]} e5 {[%emt 0:00:45]} 27. Be2 {[%emt 0:00:11]} Kh8 {[%emt 0:00:07]} 28. Rh3 {[%emt 0:00:09]} h6 {[%emt 0:00:02]} 29. Rh5 Bc8 30. Qxa7 {[%emt 0:01:01]} Rb7 {[%emt 0:00:01]} 31. Qa4 {[%emt 0:00:14]} Rg7 {[%emt 0:00:08]} 32. g3 {[%emt 0:00:06]} Bd7 {[%emt 0:00:01]} 33. Qb4 {[%emt 0:00:16]} Be8 {[%emt 0:00:20]} 34. Rh3 {[%emt 0:00:13]} f4 {[%emt 0:00:05]} 35. d6 {[%emt 0:00:15]} Rc6 {[%emt 0:00:20]} 36. Bf1 {[%emt 0:00:33]} Bd7 {[%emt 0:00:01]} 37. Bg2 {[%emt 0:00:07]} f3 {[%emt 0:00:00]} 38. Bf1 {[%emt 0:00:07]} Rg6 {[%emt 0:00:32]} 39. Rh5 {[%emt 0:00:08]} Bg4 {[%emt 0:00:20]} 40. d7 {[%emt 0:00:03]} Rg8 {[%emt 0:00:09]} 41. Rxh6+ {[%emt 0:00:13]} Qxh6 {[%emt 0:00:01]} 42. d8=Q {[%emt 0:00:02]} Rxd8 {[%emt 0:00:24]} 43. Rxd8+ {[%emt 0:00:02]} Kh7 {[%emt 0:00:01]} 44. Bd3+ {[%emt 0:00:09]} 1-0

[Event "RUS-ch Rapid Men 2018"]
[Site "Sochi"]
[Date "2018.10.06"]
[Round "10"]
[White "Kezin, Roman"]
[Black "Sadovsky, Artem"]
[Result "1-0"]
[WhiteElo "2471"]
[BlackElo "2408"]
[Annotator "TA"]
[PlyCount "75"]
[EventDate "2018.10.05"]
[EventType "swiss"]
[EventCountry "RUS"]
[SourceTitle "playchess.com"]
[Source "ChessBase"]
[SourceQuality "1"]

{[%evp 24,75,50,50,47,47,51,46,51,44,56,27,46,0,23,9,28,0,7,17,20,18,119,119,142,93,130,113,139,121,118,55,219,218,212,0,88,79,191,191,212,203,639,639,639,633,617,283,277,113,4714,4710,29988,29989]} 1. d4 d5 2. c4 c6 3. Nc3 Nf6 4. e3 g6 5. Nf3 Bg7 6. Bd3 O-O 7. h3 c5 8. O-O cxd4 9. exd4 dxc4 10. Bxc4 Nbd7 11. Re1 Nb6 {D94: Grünfeld: 4 Nf3 Bg7 5 e3} 12. Bb3 e6 13. Bg5 {LiveBook: 3 Games} h6 {White is slightly better.} 14. Bh4 Bd7 $146 ({Predecessor:} 14... Qd6 15. Bg3 Qd8 16. Ne5 Nbd5 17. Qf3 Ne7 18. Rad1 Nf5 19. d5 exd5 20. Nxd5 Nxd5 21. Nxg6 Re8 22. Bxd5 Rxe1+ 23. Rxe1 Bd7 {1-0 (23) Prizant,J (2546)-Ivanov,D (1968) Kislovodsk 2013}) 15. Ne5 Bc6 16. Nxc6 bxc6 17. Rc1 Rc8 18. Bg3 Re8 19. Be5 Nbd7 20. Bg3 Qa5 21. Qf3 $36 {[%mdl 2048] White is more active.} c5 22. d5 {[%cal Bd4d5,Bd5d6][%mdl 32]} e5 (22... exd5 $1 $11 23. Rxe8+ (23. Bxd5 Nxd5 24. Qxd5 Nb6 $11) 23... Rxe8) 23. Ba4 e4 24. Qd1 Red8 25. d6 ({But not} 25. Nxe4 $6 Nb6 $11) 25... Qb4 26. Bxd7 Rxd7 27. Be5 (27. b3 $16) 27... Re8 $2 (27... Qxb2 $14 28. a4 Qb6) 28. Bxf6 $1 $18 Bxf6 {[#]} 29. Qg4 $2 (29. Nd5 $1 $18 {[%cal Rd5f6]} Rxd6 30. Nxb4 Rxd1 31. Rexd1 (31. Rcxd1 cxb4 32. Re2 Kg7 $16) 31... cxb4 32. Rc7) 29... Rxd6 (29... Re6 $11) 30. Nxe4 $16 Kg7 (30... Bd4 $16 {keeps fighting.} 31. Nf6+ Rxf6 32. Rxe8+ Kg7) 31. a3 $18 Qa5 32. b4 $1 {[%cal Rb4a5]} cxb4 $2 (32... Rxe4 33. Qxe4 (33. bxa5 Rxg4 34. hxg4 Bd4 $16) 33... cxb4 34. Qxb4 (34. axb4 Qb6 $16) 34... Ra6) 33. Nxd6 Rxe1+ 34. Rxe1 bxa3 35. Ne8+ (35. Rd1 $142 {Qd7 would kill now.} Qe5 36. Qa4) 35... Kf8 {[#]} 36. Qe4 (36. Rd1 $1 $18 Be7 37. Qc8) 36... Bd4 $2 {[%mdl 8192]} (36... Bc3 $16 37. Qe7+ Kg8) 37. Nd6 {White wants to mate with Qe8+.} Qxe1+ 38. Qxe1 {Precision: White = 37%, Black = 14%.} 1-0

[Event "RUS-ch Rapid Men 2018"]
[Site "Sochi"]
[Date "2018.10.06"]
[Round "10"]
[White "Chekhov, Sergei"]
[Black "Demidov, Mikhail"]
[Result "0-1"]
[WhiteElo "2463"]
[BlackElo "2514"]
[Annotator "ChessBase"]
[PlyCount "104"]
[EventDate "2018.10.05"]
[EventType "swiss"]
[EventCountry "RUS"]
[SourceTitle "playchess.com"]
[Source "ChessBase"]
[SourceQuality "1"]
[TimeControl "900+10"]

1. e4 {[%emt 0:00:00]} Nf6 {[%emt 0:00:00]} 2. e5 {[%emt 0:00:00]} Nd5 {[%emt 0:00:00]} 3. d4 {[%emt 0:00:01]} d6 {[%emt 0:00:00]} 4. exd6 {[%emt 0:00:01]} exd6 {[%emt 0:00:00]} 5. Nf3 {[%emt 0:00:10]} Be7 {[%emt 0:00:01]} 6. Bd3 {[%emt 0:00:18]} Nb4 {[%emt 0:00:09]} 7. Be2 {[%emt 0:00:09]} Bf5 {[%emt 0:00:16]} 8. Na3 {[%emt 0:00:03]} O-O {[%emt 0:00:14]} 9. O-O {[%emt 0:00:02]} Bf6 {[%emt 0:00:20]} 10. c3 {[%emt 0:00:14]} Nd5 {[%emt 0:00:08]} 11. Nc4 {[%emt 0:01:46]} Re8 {[%emt 0:00:40]} 12. Re1 {[%emt 0:00:05]} Nc6 {[%emt 0:00:19]} 13. Qb3 {[%emt 0:00:13]} Nb6 {[%emt 0:00:29]} 14. Ne3 {[%emt 0:00:20]} Be4 {[%emt 0:00:16]} 15. Bd2 {[%emt 0:00:37]} a6 {[%emt 0:00:26]} 16. Ng4 {[%emt 0:00:45]} Bf5 {[%emt 0:01:34]} 17. h3 {[%emt 0:00:48]} Be7 {[%emt 0:00:59]} 18. Bf1 {[%emt 0:00:07]} Bf8 {[%emt 0:00:35]} 19. Rxe8 {[%emt 0:02:08]} Qxe8 {[%emt 0:00:02]} 20. Re1 {[%emt 0:00:02]} Qd7 {[%emt 0:00:12]} 21. Ne3 {[%emt 0:00:03]} Be4 {[%emt 0:00:53]} 22. Ng5 {[%emt 0:00:12]} Bg6 {[%emt 0:00:01]} 23. Nd5 {[%emt 0:02:09]} Nxd5 {[%emt 0:01:02]} 24. Qxd5 {[%emt 0:00:01]} Re8 {[%emt 0:00:10]} 25. Re3 {[%emt 0:00:01]} Rxe3 {[%emt 0:00:51]} 26. Bxe3 {[%emt 0:00:02]} Qe8 {[%emt 0:00:05]} 27. Qb3 {[%emt 0:00:06]} Nd8 {[%emt 0:00:41]} 28. a4 {[%emt 0:00:20]} Qd7 {[%emt 0:01:26]} 29. Bc4 {[%emt 0:00:24]} c6 {[%emt 0:00:42]} 30. Be2 {[%emt 0:00:03]} Bf5 {[%emt 0:00:23]} 31. Qb6 {[%emt 0:00:24]} Be7 {[%emt 0:00:26]} 32. Qa5 {[%emt 0:01:04]} f6 {[%emt 0:00:56]} 33. Nf3 {[%emt 0:00:11]} d5 {[%emt 0:00:03]} 34. b4 {[%emt 0:01:32]} Bd6 {[%emt 0:01:11]} 35. b5 {[%emt 0:00:05]} Bc7 {[%emt 0:00:03]} 36. Qb4 {[%emt 0:00:03]} a5 {[%emt 0:00:16]} 37. Qb3 {[%emt 0:00:09]} Nf7 {[%emt 0:00:36]} 38. c4 {[%emt 0:00:36]} cxb5 {[%emt 0:01:39]} 39. cxb5 {[%emt 0:00:27]} b6 {[%emt 0:00:24]} 40. Nd2 {[%emt 0:00:52]} Qd6 {[%emt 0:00:31]} 41. Bf3 {[%emt 0:00:19]} Be6 {[%emt 0:00:15]} 42. Nb1 {[%emt 0:00:29]} Qb4 {[%emt 0:01:01]} 43. Nd2 {[%emt 0:01:28]} Qxb3 {[%emt 0:00:11]} 44. Nxb3 {[%emt 0:00:00]} Nd6 {[%emt 0:00:10]} 45. Nc5 bxc5 {[%emt 0:01:11]} 46. dxc5 {[%emt 0:00:58]} Nc4 {[%emt 0:00:01]} 47. b6 {[%emt 0:01:54]} Bd8 {[%emt 0:00:17]} 48. Bd4 {[%emt 0:00:07]} Kf8 {[%emt 0:00:20]} 49. Bc3 {[%emt 0:00:03]} Ke8 {[%emt 0:00:17]} 50. Be2 {[%emt 0:00:04]} Kd7 {[%emt 0:00:19]} 51. b7 {[%emt 0:00:57]} Bc7 {[%emt 0:00:06]} 52. f4 {[%emt 0:00:34]} Kc6 {[%emt 0:00:13]} 0-1

[Event "RUS-ch Rapid Men 2018"]
[Site "Sochi"]
[Date "2018.10.06"]
[Round "10"]
[White "Belyakov, Bogdan"]
[Black "Truskavetsky, Alexandr"]
[Result "1-0"]
[WhiteElo "2458"]
[BlackElo "2393"]
[Annotator "ChessBase"]
[PlyCount "85"]
[EventDate "2018.10.05"]
[EventType "swiss"]
[EventCountry "RUS"]
[SourceTitle "playchess.com"]
[Source "ChessBase"]
[SourceQuality "1"]
[TimeControl "900+10"]

1. e4 {[%emt 0:00:00]} c6 {[%emt 0:00:00]} 2. d4 {[%emt 0:00:00]} d5 {[%emt 0:00:00]} 3. Nc3 {[%emt 0:00:00]} dxe4 {[%emt 0:00:00]} 4. Nxe4 {[%emt 0:00:00]} Bf5 {[%emt 0:00:05]} 5. Nc5 {[%emt 0:00:00]} Qc8 {[%emt 0:01:31]} 6. Nf3 {[%emt 0:00:17]} Nf6 {[%emt 0:00:48]} 7. Be2 {[%emt 0:01:46]} e6 {[%emt 0:00:21]} 8. Nd3 {[%emt 0:00:16]} Bd6 {[%emt 0:00:35]} 9. O-O {[%emt 0:00:13]} O-O {[%emt 0:00:38]} 10. c4 {[%emt 0:00:19]} Nbd7 {[%emt 0:00:26]} 11. b3 {[%emt 0:00:02]} Qc7 {[%emt 0:01:04]} 12. Bb2 {[%emt 0:00:08]} Rfd8 {[%emt 0:02:04]} 13. Qc1 {[%emt 0:00:04]} h6 {[%emt 0:01:18]} 14. h3 {[%emt 0:00:23]} a5 {[%emt 0:00:55]} 15. a3 {[%emt 0:00:08]} Nf8 {[%emt 0:00:36]} 16. Re1 {[%emt 0:00:52]} Ng6 {[%emt 0:00:17]} 17. Bf1 {[%emt 0:00:05]} Be4 {[%emt 0:00:43]} 18. Nde5 {[%emt 0:00:27]} c5 {[%emt 0:00:18]} 19. Nxg6 {[%emt 0:00:55]} Bxg6 {[%emt 0:00:06]} 20. dxc5 {[%emt 0:00:08]} Bf4 {[%emt 0:00:41]} 21. Be5 {[%emt 0:01:28]} Bxe5 {[%emt 0:00:26]} 22. Nxe5 {[%emt 0:00:03]} Be4 {[%emt 0:00:51]} 23. Ng4 {[%emt 0:01:15]} Nxg4 {[%emt 0:00:45]} 24. hxg4 {[%emt 0:00:02]} Bg6 {[%emt 0:00:07]} 25. Qe3 {[%emt 0:00:06]} Qe7 {[%emt 0:00:22]} 26. b4 {[%emt 0:00:10]} Qf6 {[%emt 0:01:22]} 27. Rad1 {[%emt 0:00:28]} axb4 {[%emt 0:00:56]} 28. axb4 {[%emt 0:00:06]} Qb2 {[%emt 0:00:47]} 29. b5 {[%emt 0:00:09]} Qb4 {[%emt 0:00:16]} 30. Rxd8+ {[%emt 0:02:21]} Rxd8 {[%emt 0:00:01]} 31. Ra1 {[%emt 0:00:03]} Qb2 {[%emt 0:00:47]} 32. Re1 {[%emt 0:00:51]} Qb4 {[%emt 0:00:06]} 33. Qe5 {[%emt 0:01:23]} Rc8 {[%emt 0:00:11]} 34. Rd1 {[%emt 0:00:10]} Rxc5 {[%emt 0:00:28]} 35. Qb8+ {[%emt 0:00:08]} Kh7 {[%emt 0:00:01]} 36. Qxb7 {[%emt 0:00:16]} Rg5 {[%emt 0:00:22]} 37. Qf3 {[%emt 0:00:25]} h5 {[%emt 0:00:17]} 38. gxh5 {[%emt 0:00:08]} Bxh5 {[%emt 0:00:16]} 39. Qe3 {[%emt 0:00:26]} Qe7 {[%emt 0:00:11]} 40. Rb1 {[%emt 0:00:11]} Qf6 {[%emt 0:00:17]} 41. b6 {[%emt 0:00:10]} Bf3 {[%emt 0:00:06]} 42. b7 {[%emt 0:00:46]} Bxg2 {[%emt 0:00:21]} 43. Qxg5 {[%emt 0:00:04]} 1-0

[Event "RUS-ch Rapid Men 2018"]
[Site "Sochi"]
[Date "2018.10.06"]
[Round "10"]
[White "Kozionov, Kirill"]
[Black "Smirnov, Timofey"]
[Result "1-0"]
[WhiteElo "2458"]
[BlackElo "2332"]
[Annotator "TA"]
[PlyCount "135"]
[EventDate "2018.10.05"]
[EventType "swiss"]
[EventCountry "RUS"]
[SourceTitle "playchess.com"]
[Source "ChessBase"]
[SourceQuality "1"]

{[%evp 14,135,3,6,73,72,91,99,88,91,96,50,51,37,45,42,49,25,137,33,48,45,71,35,49,44,70,86,76,72,95,42,97,73,82,73,110,101,133,106,112,98,105,104,118,118,114,113,109,101,122,102,131,144,138,130,138,131,134,114,135,135,227,227,221,214,210,210,397,154,156,155,192,192,215,175,174,174,190,94,116,64,62,0,8,8,8,8,8,8,8,8,193,193,12849,11027,6621,28,8435,6350,596,576,29978,29979,29979,29969,29977,29979,29979,29980,29980,29981,29981,29982,29983,29981,29981,29982,29984,29985,29986,29986,29986,29984]} 1. d4 d5 2. c4 c6 3. Nf3 Nf6 4. Nc3 dxc4 5. a4 e6 6. e4 {[%cal Be2e4,Be4e5][%mdl 32]} Bb4 7. Bg5 Qa5 8. Bd2 {LiveBook: 59 Games. D44: Semi-Slav: Botvinnik System} Qc7 (8... c5 $11) (8... c5 9. Bxc4 cxd4 10. Nxd4 O-O 11. Nc2 Nc6 12. Nxb4 Qxb4 13. b3 Qe7 14. O-O Rd8 15. Re1 Ne5 {1-0 (60) Nakamura,H (2791)-Giri,A (2769) Saint Louis 2016 CBM 174 [Krasenkow,M]}) 9. e5 $16 Bxc3 10. bxc3 {White is better.} Ne4 $146 ({Predecessor:} 10... Nd5 11. Bxc4 h6 12. O-O b6 13. Bd3 a5 14. Rb1 Ba6 15. c4 Ne7 {0-1 (40) Clausen,M-Kleiminger,P Espergarde 1974}) 11. Bxc4 c5 12. Rc1 Nxd2 13. Nxd2 O-O 14. Ne4 cxd4 15. cxd4 Qa5+ {[#]} (15... Nc6 $11) 16. Qd2 (16. Rc3 $1 $16) 16... Qxd2+ 17. Kxd2 Bd7 18. Bb5 Bc6 19. Ke3 $36 {[%mdl 2048] Black is under pressure.} Bxe4 20. Kxe4 a6 21. Bc4 Nd7 22. Rb1 (22. Rc2 $16) 22... Rac8 (22... b5 $14 23. axb5 Nb6) 23. Bd3 (23. Rxb7 Rxc4 24. Rxd7 Rxa4 $11) 23... Rc7 24. Rb2 Ra8 25. Rhb1 Ra7 26. Ke3 b6 27. Rb3 h5 28. f4 g6 29. g3 Kf8 30. h3 Ke7 31. g4 hxg4 32. hxg4 b5 33. axb5 axb5 34. Rxb5 ({Resist} 34. Bxb5 Nb6 $14) 34... Ra3 35. R5b3 Ra2 36. Rh1 Rg2 37. Be2 {aiming for Kf3.} Rg3+ (37... Rc2 $16 {is a better defense.}) 38. Bf3 $18 {Strongly threatening Kf2.} Rc2 {[#]} 39. f5 $1 {[%mdl 512]} gxf5 (39... exf5 40. gxf5) 40. Kf4 Rcg2 $2 (40... Rxf3+ 41. Kxf3 fxg4+ 42. Ke3 (42. Kxg4 Rc4 $16) 42... g3) 41. Bxg2 $2 (41. gxf5 $18 exf5 42. Rb7 Rxf3+ 43. Kxf3) 41... Rxb3 $16 42. gxf5 exf5 43. Kxf5 $18 {[%mdl 4096] Endgame KRB-KRN} Rb2 44. Bc6 Rf2+ 45. Ke4 Nf8 {[#]} 46. Rb1 (46. Ra1 $1 $18 {[%cal Ra1a7] has better winning chances. And now Ra7+ would win.} Ng6 47. Ra8 f5+ 48. Ke3) 46... Ne6 $16 47. d5 ({White should play} 47. Ke3 $16 Rf5 48. Rb7+ Kf8 49. Rb8+ Kg7 50. Rb1) 47... Re2+ $14 48. Kf5 (48. Kd3 $1 $14 Rxe5 49. dxe6) 48... Nd4+ 49. Kf4 Nxc6 $11 {KRN-KR} 50. Rb7+ Ke8 51. dxc6 {Rb8+ is the strong threat. KR-KR} Rc2 52. Rc7 Rc1 $2 (52... Kd8 $11 53. Rd7+ Kc8) 53. Ke4 $18 Re1+ $2 (53... Kd8 54. Rd7+ (54. Rxf7 Rxc6 55. Kf5 Rh6 $16) 54... Ke8) 54. Kd5 Rd1+ 55. Kc5 $2 ({Only move:} 55. Kc4 $18 {Threatens to win with Rb7.} Rc1+ 56. Kd4) 55... Rc1+ $2 {[%mdl 8192]} (55... Kd8 $11 56. Rxf7 Rc1+ 57. Kd6 Rd1+ 58. Ke6 Rg1 59. Rd7+ Kc8) 56. Kb6 Rb1+ 57. Ka7 Rb5 58. Rb7 {White mates.} Rxe5 59. Rb8+ Ke7 60. c7 Rc5 61. Kb6 Rc1 62. c8=Q Rxc8 63. Rxc8 {KR-KP} Ke6 64. Rc5 f5 65. Kb5 Kf6 66. Kc4 Kg5 67. Kd3 Kg4 68. Ke2 {Precision: White = 48%, Black = 32%.} 1-0

[Event "RUS-ch Rapid Men 2018"]
[Site "Sochi"]
[Date "2018.10.06"]
[Round "10"]
[White "Drygalov, Sergey"]
[Black "Jary, Sergey"]
[Result "1/2-1/2"]
[WhiteElo "2446"]
[BlackElo "2286"]
[Annotator "TA"]
[PlyCount "75"]
[EventDate "2018.10.05"]
[EventType "swiss"]
[EventCountry "RUS"]
[SourceTitle "playchess.com"]
[Source "ChessBase"]
[SourceQuality "1"]

{[%evp 17,75,6,6,9,5,10,8,12,54,60,58,51,58,58,58,58,103,58,63,23,33,0,0,-31,-21,-26,0,0,0,0,0,0,-10,-41,-29,-44,0,0,0,-15,-12,-19,0,0,0,-15,0,0,0,-18,0,-31,-32,-42,0,-33,0,-35,0,-39]} 1. d4 Nf6 2. c4 e6 3. Nf3 Bb4+ 4. Nbd2 d5 5. e3 O-O 6. a3 Be7 7. Bd3 b6 8. O-O Bb7 9. cxd5 {E14: Queen's Indian: Classical Variation (4 e3)} (9. b4 c5 10. bxc5 bxc5 11. Rb1 Qc8 12. cxd5 Nxd5 13. Qc2 Nf6 14. dxc5 Na6 15. Bb2 Nxc5 16. Bxf6 gxf6 17. Bxh7+ Kg7 18. Rfc1 f5 19. Bxf5 exf5 {1-0 (47) Kramnik,V (2779)-Martinez Alcantara,J (2565) Batumi 2018}) 9... exd5 {LiveBook: 28 Games} 10. b3 Ne4 11. Qc2 {[%cal Rd2e4]} f5 12. Ne5 Bd6 13. f3 Nxd2 14. Bxd2 Nd7 $146 ({Predecessor:} 14... g6 15. e4 Bxe5 16. dxe5 Qd7 17. exf5 gxf5 {1-0 (41) Adler,J (2270)-Flierl,P (2230) Germany 2009}) 15. f4 g6 16. b4 a6 17. a4 Nf6 18. b5 Qe7 19. a5 (19. Rfb1 {is interesting.} axb5 20. axb5 Ne4 21. Be1 Rfe8 22. h3) 19... bxa5 20. Bxa5 axb5 21. Bxb5 Ba6 22. Bxa6 Rxa6 23. Bc3 Rfa8 24. Rxa6 Rxa6 25. Qb3 Qe8 26. Ra1 Rxa1+ 27. Bxa1 Qa8 28. Bb2 Kg7 29. h3 Ne4 30. Qb5 Nf6 31. Qb3 Ne4 32. Qb5 Nf6 33. Qb3 Ne4 34. Nf3 Qc6 35. Ne5 Qa8 36. Nf3 Qc6 37. Ne5 Qa8 38. Nf3 {Precision: White = 65%, Black = 44%.} 1/2-1/2